La sirena varada ; Las tres perfectas casadas ; Entremés del mancebo que casó con mujer brava /
Guardado en:
| Autor Principal: | |
|---|---|
| Formato: | Libro |
| Idioma: | Undetermined |
| Publicado: |
Buenos Aires :
Losada,
1969.
|
| Edición: | 7a. ed. |
| Series: | Biblioteca clásica y contemporánea ;
73 |
| Materias: | |
| Etiquetas: |
Agregar Etiqueta
Sin Etiquetas, Sea el primero en etiquetar este registro!
|
| LEADER | 01018nam a22002655a 4500 | ||
|---|---|---|---|
| 001 | EUN.eunm008677 | ||
| 008 | 170405s1969####ag############000#0#und#d | ||
| 005 | 20210930144741.0 | ||
| 245 | 1 | 0 | |a La sirena varada ; |b Las tres perfectas casadas ; Entremés del mancebo que casó con mujer brava / |c Alejandro Casona. |
| 250 | |a 7a. ed. | ||
| 260 | |a Buenos Aires : |b Losada, |c 1969. | ||
| 300 | |a 149 p. ; |c 18 cm. | ||
| 490 | 1 | |a Biblioteca clásica y contemporánea ; |v 73 | |
| 500 | |a Reimpreso en 1969 (como 6a. ed.). | ||
| 100 | 1 | |a Casona, Alejandro, |d 1903-1965. | |
| 740 | 4 | 2 | |a Las tres perfectas casadas |
| 740 | 0 | 2 | |a Entremés del mancebo que casó con mujer brava |
| 830 | 0 | |a Biblioteca clásica y contemporánea ; |v 73 | |
| 082 | 0 | 4 | |a 862 |2 15 |
| 650 | 7 | |a Literatura. |2 unbist | |
| 650 | 7 | |a Siglo XX. |2 unbist | |
| 651 | 7 | |a España. |2 unbist | |
| 650 | 7 | |a Teatro. |2 unbist | |
| 859 | |a AR-BaUNS |b BIB. CENTRAL - Sector A - Huber |h 862 |i C27 |p 128156/021 |t Ej.2 |v H. 268 | ||
| 859 | |a AR-BaUNS |b BIB. CENTRAL - Sector C |h 862 |i C27 |p 1875/959 | ||
